000 00722nam a2200229 i 4500
001 C2-0139060
003 PPAK
005 20180727124557.0
008 971217s my |||| ||||| | eng d
040 _aPPAK
_beng
_cPPAK
_erda
082 0 4 _a327
_223
090 0 0 _a327
_bISS
_dKIH
090 0 0 _a327
_bISS
_dKSA
245 0 0 _aIssues for the seventies : AIESEC Seminar for Student Leaders
_bContinuing dialogue on contemporary affairs
264 1 _a[Kuala Lumpur] :
_bUniversity of Malaya ,
_c[date of publication not identified]
300 _a119 pages ;
_c21 cm
336 _2rdacontent
_atext
337 _2rdamedia
_aunmediated
338 _2rdacarrier
_avolume
650 1 0 _aInternational relations
942 _ddc
_cB
999 _c43352
_d43352